| 000 | 00539nam a2200169Ia 4500 | ||
|---|---|---|---|
| 999 |
_c26473 _d26473 |
||
| 003 | OSt | ||
| 005 | 20201215153017.0 | ||
| 008 | 190216s9999||||xx |||||||||||||| ||und|| | ||
| 040 | _coclc | ||
| 082 |
_a894.8124 _bKUN/A |
||
| 100 |
_aKunjikannan, T P _97133 |
||
| 245 | 0 |
_aAdhikaram Janagalku Panchayathukalum Vikendrikaranavum / _cT P Kunjikann |
|
| 260 |
_bKerala Shashthra Sahithya Parishath, _aTrivandrum; _c1989. |
||
| 300 | _a200p | ||
| 650 | _aLekhanam | ||
| 942 |
_cBK _2ddc _h894.8124 _iKUN/A _k894.8124 _mKUN/A |
||